000 01007nam a2200289 a 4500
001 000011447
003 DO-SdBPM
005 20250702091820.0
007 ta
008 091019s1984 dr 001 0 spa d
040 _aDO-SdBPM
_bspa
_cBPMSU
_erda
082 4 _aRD860.9
_bA347a 1984
_222
100 1 _aAlcántara Almánzar, José
_eautor
245 1 0 _aNarrativa y sociedad en hispanoamérica /
_cJosé Alcántara Almánzar.
264 _aSanto Domingo :
_bInstituto Tecnológico de Santo Domingo,
_c1984.
300 _a189 páginas
_c22 cm.
336 _atexto
_btxt
_2rdacontent
337 _asin mediación
_bn
_2rdamedia
338 _avolumen
_bnc
_2rdacarrier
500 _aIncluye índice
500 _aIncluye referencias bibliográficas y notas al pie de las páginas
504 _aBibliografía páginas 179-180)
590 _aInventariado, 2025/VM
650 7 _aLiteratura hispanoamericana
_xHistoria y crítica
_v
910 _aVMateo V. Control de calidad. BPMSU
942 _2ddc
_cBK
999 _c8145
_d8145